MARC

LEADER 00000nam0a2200000 4500
001 261652
005 20231101233601.0
035 |a (RuTPU)RU\TPU\book\284633 
090 |a 261652 
100 |a 20140526d1987 k y0rusy50 ca 
101 0 |a rus 
102 |a RU 
105 |a a z 001zy 
200 1 |a Автоматизация исследований и проектирования электрических машин и трансформаторов  |e межвузовский сборник научных трудов  |f Ивановский энергетический институт (ИвЭИ) ; под ред. Ю. Б. Бородулина 
210 |a Иваново  |c Изд-во Ивановского гос. ун-та  |d 1987 
215 |a 160 с.  |c ил. 
320 |a Библиогр. в конце ст. 
606 1 |a Электрические машины  |x Проектирование  |2 stltpush  |3 (RuTPU)RU\TPU\subj\27126  |9 50924 
606 1 |a Трансформаторы  |x Проектирование  |2 stltpush  |3 (RuTPU)RU\TPU\subj\61418  |9 78610 
610 1 |a автоматизированное проектирование 
610 1 |a эксплуатация 
610 1 |a САПР 
610 1 |a силовые трансформаторы 
610 1 |a сухие трансформаторы 
610 1 |a конструирование 
610 1 |a синхронные генераторы 
610 1 |a магнитопроводы 
610 1 |a асинхронные двигатели 
610 1 |a синхронные двигатели 
610 1 |a электроэнергия 
610 1 |a научные труды 
675 |a 621.313.001.6  |v 3 
675 |a 621.314.21.001  |v 3 
702 1 |a Бородулин  |b Ю. Б.  |4 340 
712 0 2 |a Ивановский энергетический институт (ИвЭИ)  |c (1930-1992)  |2 stltpush  |3 (RuTPU)RU\TPU\col\6341 
801 1 |a RU  |b 63413507  |c 20140526 
801 2 |a RU  |b 63413507  |c 20150326  |g RCR 
942 |c BK